000 00700nam a2200229Ii 4500
003 JO-AjNU
008 230605s9999||||xx |||||||||||||| ||und||
017 _a2016/3/1036
020 _a978-9957-592-39-4
040 _aJO-AjNU
_bara
_erda
_cJO-AjNU
041 _aara
050 1 4 _aPJ7538 2016
100 3 _aالخوري، ليلى ,
_eauthor
_957543
245 0 0 _aندى على سفوح الذاكرة
250 _aط1
264 3 1 _aاربد: دار الكتاب الثقافي، 2016
300 _a155ص
336 _atext
_btxt
_2rdacontent
337 _aunmediated
_bn
_2rdamedia
338 _avolume
_bnc
_2rdacarrier
650 4 _aالنثر العربي-العصر الحديث
_957544
999 _aA25794
_c29362
_d29362